|
|
|
|
| LEADER |
02149nam a2200361 a 4500 |
| 001 |
12409817 |
| 008 |
110206r20102004at a b 001 0 eng d |
| 010 |
|
|
|a 2001034493
|
| 020 |
|
|
|a 9788131500484
|
| 020 |
|
|
|a 8131500489
|
| 020 |
|
|
|a 0324066856 (pkg., text, and CDs)
|
| 020 |
|
|
|a 032415092X (CD with Project 2000)
|
| 040 |
|
|
|a DLC
|c DLC
|d DLC
|d BD-DhAAL
|
| 042 |
|
|
|a pcc
|
| 082 |
0 |
0 |
|a 658.5
|2 21
|
| 100 |
1 |
|
|a Gaither, Norman.
|
| 245 |
1 |
0 |
|a Operations management /
|c Norman Gaither, Greg Frazier.
|
| 250 |
|
|
|a 9th ed. (Indian ed.)
|
| 260 |
|
|
|a Australia ;
|a Cincinnati, Ohio :
|b South-Western/Thomson Learning ;
|a New Delhi :
|b Cengage Learning,
|c c2004 [reprinted 2010].
|
| 300 |
|
|
|a xiv, 811 p. :
|b col. ill. ;
|c 27 cm. +
|e 2 computer laser optical discs (4 3/4 in.)
|
| 500 |
|
|
|a Rev. ed. of: Production and operations management. 8th ed. c1999.
|
| 504 |
|
|
|a Includes bibliographical references and index.
|
| 541 |
1 |
|
|e 00021935
|
| 650 |
|
0 |
|a Production management.
|
| 700 |
1 |
|
|a Frazier, Greg,
|d 1962-
|
| 852 |
|
|
|a Ayesha Abed Library
|c General Shelf.
|
| 999 |
|
|
|c 10425
|d 10425
|
| 952 |
|
|
|0 0
|1 0
|2 ddc
|4 0
|6 658_500000000000000_GAI
|7 0
|9 14324
|a BRACUL
|b BRACUL
|c GEN
|d 2011-02-06
|e Development Book Agency
|g 1778.75
|l 7
|m 15
|o 658.5 GAI
|p 3010021935
|r 2018-07-23
|s 2018-07-16
|t 1
|w 2011-02-06
|y BK
|
| 952 |
|
|
|0 0
|1 0
|2 ddc
|4 0
|6 658_500000000000000_GAI
|7 0
|9 14325
|a BRACUL
|b BRACUL
|c GEN
|d 2011-02-06
|e Development Book Agency
|g 1778.75
|l 7
|m 84
|o 658.5 GAI
|p 3010021936
|r 2022-06-15
|s 2022-06-11
|t 2
|w 2011-02-06
|y BK
|
| 952 |
|
|
|0 0
|1 0
|2 ddc
|4 0
|6 658_500000000000000_GAI
|7 0
|9 14326
|a BRACUL
|b BRACUL
|c GEN
|d 2011-02-06
|e Development Book Agency
|g 1778.75
|l 8
|m 53
|o 658.5 GAI
|p 3010021937
|r 2022-04-17
|s 2022-03-22
|t 3
|w 2011-02-06
|y BK
|
| 952 |
|
|
|0 0
|1 0
|2 ddc
|4 0
|6 658_500000000000000_GAI
|7 0
|9 14327
|a BRACUL
|b BRACUL
|c AV
|d 2011-02-06
|l 0
|o 658.5 GAI
|p 4010021935
|r 2011-02-06
|t 1
|w 2011-02-06
|y AV
|
| 952 |
|
|
|0 0
|1 0
|2 ddc
|4 0
|6 658_500000000000000_GAI
|7 0
|9 14328
|a BRACUL
|b BRACUL
|c AV
|d 2011-02-06
|l 0
|o 658.5 GAI
|p 4010021936
|r 2011-02-06
|t 2
|w 2011-02-06
|y AV
|
| 952 |
|
|
|0 0
|1 0
|2 ddc
|4 0
|6 658_500000000000000_GAI
|7 0
|9 14329
|a BRACUL
|b BRACUL
|c AV
|d 2011-02-06
|l 0
|o 658.5 GAI
|p 4010021937
|r 2011-02-06
|t 3
|w 2011-02-06
|y AV
|